The finite element method /

Guardado en:
Autor Principal: Zienkiewicz, O. C.
Formato: Libro
Idioma:English
Publicado: London : McGraw-Hill, c1977.
Edición:3d expanded and rev. ed.
Materias:
Etiquetas: Agregar Etiqueta
Sin Etiquetas, Sea el primero en etiquetar este registro!
LEADER 00915cam a22002295a 4500
001 EIQ.libpla001062
008 770728s1977####enka#####b####001#0#eng#d
005 20060721164356.0
245 1 4 |a The finite element method /  |c O. C. Zienkiewicz. 
250 |a 3d expanded and rev. ed. 
260 |a London :  |b McGraw-Hill,  |c c1977. 
300 |a xv, 787 p. :  |b il. ;  |c 24 cm. 
500 |a Primera ed. (1967)publicada bajo el título: "The finite element method in structural and continuum mechanics"; 2d ed. (1971) publicado bajo el título: The finite element method in engineering science. 
504 |a Incluye referencias bibliográficas e índice. 
020 |a 0070840725 
100 1 |a Zienkiewicz, O. C. 
082 0 0 |a 620/.001/515353 
650 4 |a Elemento finito  |x Método. 
650 4 |a Finite element  |x Method. 
010 |a  77030152  
040 |a DLC  |c DLC  |d AR-BbSID 
859 |a AR-BbSID  |b BIB. PLAPIQUI  |h 620.001  |i Z 62  |p 185